书目信息 |
| 题名: |
使于四方
|
|
| 作者: | 李斯 著 | |
| 分册: | ||
| 出版信息: | 北京 中国人民大学出版社 2024.06 |
|
| 页数: | 209页 | |
| 开本: | 24cm | |
| 丛书名: | ||
| 单 册: | ||
| 中图分类: | K232 | |
| 科图分类: | ||
| 主题词: | 中国历史--秦汉时代 | |
| 电子资源: | ||
| ISBN: | 978-7-300-32872-0 | |
| 000 | 01106nam0 2200253 450 | |
| 001 | 012649735 | |
| 005 | 20251022201925.53 | |
| 010 | @a978-7-300-32872-0@dCNY69.00 | |
| 100 | @a20240805d2024 em y0chiy0120 ea | |
| 101 | 0 | @achi |
| 102 | @aCN@b110000 | |
| 105 | @ay z 000yy | |
| 106 | @ar | |
| 200 | 1 | @a使于四方@9shi yu si fang@e秦汉使者与帝国的社会治理和边疆经略@dThe envoys' missions of social governance and border management of Qin-Han dynasties@f李斯著@zeng |
| 210 | @a北京@c中国人民大学出版社@d2024.06 | |
| 215 | @a209页@d24cm | |
| 300 | @a国家社科基金后期资助项目 “边地出土文献所见秦汉使者研究”最终成果 | |
| 330 | @a本书选定“使者”这一研究对象,意在从皇权政治与官僚体系、行政运作与社会治理、华夏文化与边疆族群的互动关系等视角予以考察,力图呈现秦汉使者在统一多民族国家形成与族群交融过程中的历史活动及其特殊影响。 | |
| 510 | 1 | @aEnvoys' missions of social governance and border management of Qin-Han dynasties@zeng |
| 606 | 0 | @a中国历史@z秦汉时代 |
| 690 | @aK232@v5 | |
| 701 | 0 | @a李斯@9li si@f(1983-)@4著 |
| 801 | 0 | @aCN@c20250905 |
| 905 | @a河南城建学院图书馆@dK232@eL263@ZL263@f1 | |
| 使于四方:秦汉使者与帝国的社会治理和边疆经略=The envoys' missions of social governance and border management of Qin-Han dynasties/李斯著.-北京:中国人民大学出版社,2024.06 |
| 209页;24cm |
| 国家社科基金后期资助项目 “边地出土文献所见秦汉使者研究”最终成果 |
| ISBN 978-7-300-32872-0:CNY69.00 |
| 本书选定“使者”这一研究对象,意在从皇权政治与官僚体系、行政运作与社会治理、华夏文化与边疆族群的互动关系等视角予以考察,力图呈现秦汉使者在统一多民族国家形成与族群交融过程中的历史活动及其特殊影响。 |
| ● |
| 相关链接 |
|
|
|
正题名:使于四方
索取号:K232/L263
 
预约/预借
| 序号 | 登录号 | 条形码 | 馆藏地/架位号 | 状态 | 备注 |
| 1 | 1631465 | 216314655 | 社科库309/309社科库 33排2列3层/ [索取号:K232/L263] | 在馆 |